000 00341nam a22001457a 4500
008 221212b ||||| |||| 00| 0 eng d
020 _a9780387906355
041 _aeng
080 _a51
082 _a51 BRA
100 _a22.2
101 _aMATE
245 _aCHILDREN'S LOGICAL AND MATEMATICAL COGNITION
_cBRAINERD CH
942 _2udc
_cBK
999 _c59168
_d59168